01029 2200493 4500001002100000008004100021035002000062245004800082100002000130250002000150260003000170300002000200020002200220084001800242082001200260650002000272990000900292990000900301990000900310990000900319990000900328990000900337990000900346990000900355990000900364990000900373990000900382990000900391990000900400990000900409990000900418990000900427990000900436990000900445990000900454990000900463990000900472990000900481990000900490990000900499990000900508990000900517990000900526INLIS000000000001141 ind  a0010-0425001141 aBerprestasi Tujuan HidupkucBudi Ardiansyah aBudi Ardiansyah aCetakan pertama aBekasi :bPT Pijar,c2010 a80 hlm.c25 cm. a978-602-8822-18-3 a370.114 BUD b a370.114 aBudi Ardiansyah a2036 a2037 a2039 a3038 a3040 a3041 a3042 a3043 a3044 a3045 a3046 a3047 a3048 a3049 a3050 a3051 a3052 a3053 a3054 a3055 a3056 a3057 a3058 a4105 a4106 a4799 a4926